Cartoons Quiz Stats

 Plays Quiz not verified by Sporcle

Score 0/15 Timer 03:00
0 Plays Today
Question Answer Wrong Answers
In which cartoon is the main character a dog who helps to discover mysteries? Scooby-Doo
97.3%
Courage, the cowardly dog
2.7%
Who are the main protagonists of Pokemon? Ash and Pikachu
97.3%
Misty and Brock
2.7%
What are the names of the Teenage Mutant Ninja Turtles? Michelangelo, Leonardo, Donatello and Raphael
97.3%
Michelangelo, Da Vinci, Donato and Raphaelo
2.7%
Which cartoon shows the story about little cratures who live in mushrooms? The Smurfs
94.6%
The seven dwarfs
2.7%
What's the name of the series in which there are three boys called Edward living in the suburbs? Ed, Edd n Eddy
91.9%
Eddy,Edd n Ed
8.1%
Which cartoon has the Chemical X? Powerpuff girls
91.9%
Totally Spies
8.1%
Which cartoon shows the story of a guy that found a watch and now can transform himself into aliens? Ben 10
91.9%
Power Rangers
8.1%
Which cartoon wasn't shown in Cartoon Network? Kick Buttowiski
89.2%
Johnny Bravo
8.1%
Which cartoon shows the story of a guy who found a green mask and got super powers? The Mask
89.2%
The Grinch
10.8%
In which cartoon are there DC super heroes with the aim of saving the world ? Justice League
89.2%
The Avengers
10.8%
Which cartoon was created in 1940? Woody Woodpecker
86.5%
Jonny Quest
13.5%
Which program has a runny-nosed character? The grim adventures of Billy and Mandy
86.5%
Dexter's laboratory
13.5%
Who is Mac's imaginary friend in the cartoon Foster Home for Imaginary Friends? Blue
78.4%
Coco
18.9%
In which series is there a cat who bothers his owner? Kid vs Kat
78.4%
Tom and Jerry
18.9%
Who is the main character in Codename KND? Number 1
73%
Number 0
27%

You're not logged in!

Compare scores with friends on all Sporcle quizzes.
OR
Log In

Sporcle TV

Today on Sporcle TV


Watch our educational content, quiz creation guides, and fun videos on Sporcle TV.

Show Comments

Extras

Created Sep 11, 2017ReportNominate

Top Quizzes Today


Score Distribution

Your Account Isn't Verified!

In order to create a playlist on Sporcle, you need to verify the email address you used during registration. Go to your Sporcle Settings to finish the process.

Report this User

Report this user for behavior that violates our Community Guidelines.

Details: